000
00301nam a2200121Ia 4500
005
20260328104248.0
008
260328s9999||||xx |||||||||||||| ||und||
100
_a
Interactiva
245
0
_a
Los Teatros del Mundo /
_c
Interactiva
260
_b
Biblioteca interactiva
650
_a
HISTORIA
942
_c
BK
999
_c
10159
_d
10159